000 00432nam a2200157Ia 4500
005 20250620010159.0
008 240331s9999 xx 000 0 und d
020 _a9552084652
082 _bGUR
_a305
100 _aGurusinghe,L
245 0 _aNuthana sinhala nawakathawe nirupitha striya
260 _aColombo
_bS.Godage & Brothers
_c2008
300 _a198 p .,
500 _aThe iconic woman in the modern Sinhala novel
942 _cL
999 _c5241
_d5241